000 00876nam a2200229Ii 4500
003 JO-AjNU
008 230605s9999||||xx |||||||||||||| ||und||
017 _a2014/1/447
020 _a978-9957-58-210-4
040 _aJO-AjNU
_bara
_erda
_cJO-AjNU
041 _aara
050 1 4 _aS493.2015
100 3 _aالموصلي، مظفر احمد,
_eauthor
_964365
245 0 0 _aالزراعة القمرية-الاسترشاد بالقمر في تحديد مواقيت العمليات الزراعية
250 _aط1
264 3 1 _aعمان: دار الوضاح للنشر، 2015
300 _a225ص
_bاول كتاب باللغة العربية يتحدث في الزراعة القمرية
336 _atext
_btxt
_2rdacontent
337 _aunmediated
_bn
_2rdamedia
338 _avolume
_bnc
_2rdacarrier
650 4 _aالزراعة-الزراعة القمرية
_964366
999 _aA29246
_c32814
_d32814